Použitie elektronického nosa pre klasifikáciu vôni

Salvato in:
Dettagli Bibliografici
Autore principale: Petrina, Martin (Autore)
Altri autori: Sabo, Martin (Relatore della tesi)
Natura: Manoscritto Libro
Lingua:slovacco
Pubblicazione: 2025
Soggetti:
Accesso online:http://is.stuba.sk/zp/portal_zp.pl?podrobnosti=172825
Tags: Aggiungi Tag
Nessun Tag, puoi essere il primo ad aggiungerne!!

MARC

LEADER 00000ntm a22000003a 4500
001 stuzp102929
003 SK-STU
005 20250614211834.8
007 ta
008 150427s2015----xo-----f-mn---000-0-slo-d
040 |a STU  |b slo 
041 0 |a slo 
100 1 |a Petrina, Martin  |u 070400  |4 aut  |U FIIT Fakulta informatiky a informačných technológií  |T FIIT Ústav počítačového inžinierstva a aplikovanej informatiky  |X 116274  |U I400  |Y 672  |7 116274 
242 0 1 |a Use of an Electronic Nose in the Classification of Perfumes Based on Primary Scents  |y eng 
245 1 0 |a Použitie elektronického nosa pre klasifikáciu vôni 
260 |c 2025 
650 4 |a perfumes  |2 eng 
650 4 |a IMS  |2 eng 
650 4 |a machine learning  |2 eng 
650 4 |a electronic nose  |2 eng 
650 4 |a fragrance classification  |2 eng 
650 4 |a strojové učenie  |2 slo 
650 4 |a parfúmy  |2 slo 
650 4 |a elektronický nos  |2 slo 
650 4 |a IMS  |2 slo 
650 4 |a klasifikácia vôní  |2 slo 
700 1 |a Sabo, Martin  |u 070400  |k Z1  |4 ths  |U FIIT Fakulta informatiky a informačných technológií  |T FIIT Ústav počítačového inžinierstva a aplikovanej informatiky  |X 107741  |U I400  |Y 672  |7 107741 
856 4 |u http://is.stuba.sk/zp/portal_zp.pl?podrobnosti=172825